| 000 | 00500cam a22001932a 4500 | ||
|---|---|---|---|
| 001 | 009977 | ||
| 003 | AR-FADEU | ||
| 008 | 311216n1957####xxu####################dd | ||
| 092 |
_aA861.44 _bG422 _eBLYNK |
||
| 100 | _aGhiano, Juan Carlos | ||
| 245 | _aPoesía argentina del siglo XX | ||
| 260 | _aMéxico | ||
| 260 | _bFondo de cultura Económica | ||
| 260 | _c1957 | ||
| 300 | _a285 p | ||
| 440 |
_aTierra firme _n65 |
||
| 650 | _aCRITICA LITERARIA; POESIA-ARGENTINA/BLYNK/ | ||
| 942 | _cBLYNK | ||
| 999 |
_c15773 _d15773 |
||